Top 100 directory of Canadian home improvement rtailers, buying groups and wholesalers.
| Format: | Book |
|---|---|
| Published: |
Toronto:
Maclean Hunter: 1996.
|
| Edition: | 1996 ed.. |
| Subjects: |
| LEADER | 00561cam a2200181 7i4500 | ||
|---|---|---|---|
| 001 | 0000005323 | ||
| 005 | 19991025090000.0 | ||
| 002 | ##000006952 | ||
| 020 | 0 | 0 | |a T000005469 |
| 090 | 0 | 0 | |a CAN 690.802 86025 |b TOP |
| 245 | 0 | 0 | |a Top 100 directory of Canadian home improvement rtailers, buying groups and wholesalers. |
| 250 | 0 | 0 | |a 1996 ed.. |
| 260 | 0 | 0 | |a Toronto: |b Maclean Hunter: |b 1996. |
| 300 | 0 | 0 | |a 192 p.. |
| 650 | 0 | 0 | |a House furnishings -- |z Canada |
| 650 | 0 | 0 | |a Canada -- |x Directories |
| 651 | 0 | 0 | |a Canada |
| 999 | |a 0000007844 |b Book |c Open shelf |e Business Information Centre | ||